000 01195cam a2200337 4500
999 _c20428
_d20428
001 1822730
003 BDDh-ASL
005 20231015025904.0
008 710513s1970 enkbij b 001 0 eng
010 _a 79550659
015 _aB70-14827
020 _a0192850385
040 _aDLC
_cDLC
_dDLC
_dBDDh-ASL
043 _afw-----
050 0 0 _aBP64.A4
_bW38 1970
082 0 0 _a297.0966
_bTRH
100 1 _aTrimingham, J. Spencer
_q(John Spencer),
_d1904-
245 1 2 _aA history of Islam in West Africa /
_cby J. Spencer Trimingham.
260 _aLondon:
_aNew York,
_bPublished for the University of Glasgow by the Oxford U.P.,
_c1970.
300 _ax, 262 p.
_bcoat of arms, geneal. table, 7 maps.
_c21 cm.
490 1 _aUniversity of Glasgow. Publications
490 0 _aOxford paperbacks ;
_v223
504 _aBibliographical references and index.
650 0 _aIslam
_zAfrica, West.
651 0 _aAfrica, West
_xHistory.
710 2 _aThomas Leiper Kane Collection (Library of Congress. Hebraic Section)
_5DLC
830 0 _aGlasgow University publications.
906 _a7
_bcbc
_corignew
_d4
_encip
_f19
_gy-gencatlg
942 _2ddc
_cBK